Los trastornos de la comunicación en el niño
Guardat en:
| Autors principals: | , , |
|---|---|
| Altres autors: | |
| Format: | Llibre |
| Idioma: | espanyol |
| Publicat: |
Madrid
CEPE
1982
|
| Col·lecció: | Colección Educación Especial, 11
|
| Matèries: | |
| Etiquetes: |
Afegir etiqueta
Sense etiquetes, Sigues el primer a etiquetar aquest registre!
|
MARC
| LEADER | 00000nam a2200000 a 4500 | ||
|---|---|---|---|
| 001 | UCZ8463 | ||
| 003 | CL-VaPUC | ||
| 005 | 20241025152441.0 | ||
| 008 | 960121e19820000sp 1 spa d | ||
| 082 | 0 | 4 | |a 371.94 |b JUA |2 21 |
| 100 | 1 | |a Juárez Sánchez, Adoración |e author |9 617480 | |
| 700 | 1 | |a Iduriaga, Félix |e author |9 617481 | |
| 700 | |a Gómez Ullate, Rafael |e author |9 619134 | ||
| 700 | |a Monfort, Marc |e autor |9 619135 | ||
| 245 | 1 | 4 | |a Los trastornos de la comunicación en el niño |
| 260 | |a Madrid |b CEPE |c 1982 | ||
| 300 | |a 302 p | ||
| 490 | 0 | |a Colección Educación Especial, 11 | |
| 583 | |a last modification |c 19960121 00:00:00 |k Rodrigo Vera | ||
| 650 | 0 | 0 | |a Educación especial |9 307486 |
| 650 | 0 | 0 | |a Relaciones interpersonales |9 307056 |
| 650 | 0 | 0 | |a Autismo |9 307911 |
| 650 | 0 | 7 | |a DESARROLLO DE LA PERSONALIDAD |2 CL-VaPUC |9 311216 |
| 650 | 0 | 0 | |a Trastornos de la personalidad |9 307698 |
| 650 | 0 | 7 | |a PSICOLOGIA DE LA COMUNICACION |2 CL-VaPUC |9 332059 |
| 650 | 0 | 0 | |a Psicología del niño |9 307305 |
| 650 | 0 | 0 | |a Afasia |9 310673 |
| 650 | 0 | 0 | |a Deficiencia mental |9 334734 |
| 650 | 0 | 0 | |a Integración social |9 319662 |
| 650 | 0 | 0 | |a Métodos de enseñanza |9 270413 |
| 942 | |c BK | ||
| 945 | |a cmena |d 19960121 00:00:00 | ||
| 546 | |a En Español | ||
| 518 | |p Simposio de Logopedia, 1, Madrid, Abril de 1981 | ||
| 999 | |c 382494 |d 382492 | ||
| 952 | |0 0 |1 0 |4 0 |6 371_940000000000000_JUA_1982 |7 0 |8 P |9 504221 |a BIBEDU |b BIBEDU |c BIBEDU_PB |d 2020-01-23 |i 1614126 |o 371.94 JUA 1982 |p 1614126 |r 2024-01-25 |w 2020-01-23 |y BK |k EDU | ||
| 952 | |0 0 |1 0 |4 0 |6 371_940000000000000_JUA_1982 |7 0 |8 P |9 504222 |a BIBEDU |b BIBEDU |c BIBEDU_PB |d 2020-01-23 |i 1616293 |o 371.94 JUA 1982 |p 1616293 |r 2024-01-25 |w 2020-01-23 |y BK |k EDU | ||